MyGrammarLab. Intermediate B1/B2. With Key

Bibliografische gegevens
Hoofdauteur: Foley M. Mark
Andere auteurs: Hall D. Diane
Samenvatting:Think all grammar courses are the same? Think again... MyGrammarLab is a unique blend of book, online and mobile resources that ensures you have all the information and practice you need to master English grammar. Easy-to-understand explanations using the Longman Defining Vocabulary -a simple vocabulary of just 2000 words. Topic-based modules and natural examples showing grammar in use. Information on common errors and how to avoid making them.Information on the pronunciation of grammar items. Practice exercises for every unit. Review sections to consolidate learning. Exit tests to check nderstanding. Grammar Check and full glossary of grammar terms for quick grammar reference.
Taal:Engels
Gepubliceerd in: Harlow, Pearson, 2014
Onderwerpen:
Formaat: MixedMaterials Boek
KOHA link:https://koha.lib.tpu.ru/cgi-bin/koha/opac-detail.pl?biblionumber=346299

MARC

LEADER 00000nam0a2200000 4500
001 346299
005 20231102005854.0
010 |a 9781408299159 
035 |a (RuTPU)RU\TPU\book\378179 
035 |a RU\TPU\book\377382 
090 |a 346299 
100 |a 20210802d2014 m y0engy50 ba 
101 0 |a eng 
102 |a GB 
105 |a a j 001zy 
200 1 |a MyGrammarLab. Intermediate B1/B2. With Key  |f M. Foley, D. Hall 
210 |a Harlow  |c Pearson  |d 2014 
215 |a 396 p.  |c il. 
320 |a Index: p. 354-371 
330 |a Think all grammar courses are the same? Think again... MyGrammarLab is a unique blend of book, online and mobile resources that ensures you have all the information and practice you need to master English grammar. Easy-to-understand explanations using the Longman Defining Vocabulary -a simple vocabulary of just 2000 words. Topic-based modules and natural examples showing grammar in use. Information on common errors and how to avoid making them.Information on the pronunciation of grammar items. Practice exercises for every unit. Review sections to consolidate learning. Exit tests to check nderstanding. Grammar Check and full glossary of grammar terms for quick grammar reference. 
606 1 |a Английский язык  |x Учебные руководства и пособия для высшей школы  |x Пособия по грамматике  |2 stltpush  |3 (RuTPU)RU\TPU\subj\29073  |9 52485 
610 1 |a грамматика 
610 1 |a грамматические упражнения 
610 1 |a грамматические навыки 
610 1 |a тесты 
610 1 |a упражнения 
610 1 |a учебные пособия 
686 |a Ш143.21-923.2  |v LBC/SL-A  |2 rubbk 
700 1 |a Foley  |b M.  |g Mark 
701 1 |a Hall  |b D.  |g Diane 
801 1 |a RU  |b 63413507  |c 20210121 
801 2 |a RU  |b 63413507  |c 20210824  |g RCR 
942 |c BK